01622nam a2200349 a 4500001001000000003000500010005001700015008004100032010001100073011001100084040000900095090001000104100004300114245019800157260004100355500006000396502010400456590004100560590004000601590004000641650005100681650005500732650005600787650005100843856007000894901000700964942001000971942000600981999001900987952013101006952013501137000113240CHAP20220329144345.0170523s2017 mx sm |||||||spa d a109701 a110673 cCHAP aTesis1 aSánchez Andrade, Juan Carlos913231210aFactores de exito en la implementación de proyectos productivos en comunidades marginadas del municipio de Tepecoacuilco de Trujano, Guerreroh[En línea]cpor Juan Carlos Sánchez Andrade. aChapingo, Méx. :bEl autor,c2017. aPara ver el contenido del material haga clic en la liga aTesis (M.C. en Desarrollo Rural Regional) -- UACH. Dirección de Centros Regionales Universitarios aE11695DGDb10c20170523lUCH01h1507 aE5765TAJb05c20170523lUCH01h0935 aE5765TAJb05c20170523lUCH01h093514aCampesinadoxCondiciones económicas.913053314aDesarrollo de la comunidad ruralzGuerrero.93203714aFamiliaxProyectos de desarrollozGuerrero.913231314aProyectos de desarrolloxEvaluación.9132314 aFinding aiduhttp://10.13.5.2/tesis/sist113240.pdfzTeclea aquí aBK cTESIS n0 c109701d109701 00104054718TESISaBCbBCd2017-05-23fTESISl0oTesisp113242-10r2019-12-31 00:00:00w2019-12-31yTESISzRecien adquirido 00102local4053708TESISaBCbBCcPA_TESISd2017-05-23fTESISl0oTesisp113242-20r2019-12-31 00:00:00tc.2w2019-12-31yTESIS